00682cam a22002173a 45000010005000000030006000050050017000110080041000280400015000690420007000840500007000911000032000982450112001302600029002425060030002715160020003016530031003216530043003528300028003958560041004236235PGUSA20140828083129.0040801s2004||||xxu|||||s|||||000 1 eng d aPGUSAbeng adc 4aPS1 aParker, Gilbert,d1862-193214aThe Battle of the Strong :bA Romance of Two Kingdoms — Volume 6h[electronic resource] /cGilbert Parker bProject Gutenberg,c2004 aPublic domain in the USA. aElectronic text aChannel Islands -- Fiction aAnglo-French War, 1793-1802 -- Fiction 0aProject Gutenbergv623540uhttp://www.gutenberg.org/ebooks/6235